Турбогенератор - это очень просто (Запись № 11462638)

Подробности
000 -МАРКЕР
контрольное поле 02889nam0a2200361 4500
001 - ИДЕНТИФИКАТОР ЗАПИСИ
контрольное поле RU\NLR\BIBL_A\011393012
005 - ИДЕНТИФИКАТОР ВЕРСИИ
контрольное поле 20260406053038.0
010 ## - МЕЖДУНАРОДНЫЙ СТАНДАРТНЫЙ НОМЕР КНИГИ (ISBN)
Номер (ISBN) 9785799619459
Тираж 50
021 ## - НОМЕР ГОСУДАРСТВЕННОЙ РЕГИСТРАЦИИ
Код страны Российская Федерация
Номер 2017-31359
Номер Листа государственной регистраци 2312
035 ## - ДРУГИЕ СИСТЕМНЫЕ НОМЕРА
Идентификатор записи (RuMoRGB)008857662
035 ## - ДРУГИЕ СИСТЕМНЫЕ НОМЕРА
Идентификатор записи (NLR Aleph) 011393012
100 ## - ДАННЫЕ ОБЩЕЙ ОБРАБОТКИ
Данные общей обработки 20170525d2017 u y0rusy50 ca
101 0# - ЯЗЫК РЕСУРСА
Язык текста, звукозаписи и т.д. русский
102 ## - СТРАНА ПУБЛИКАЦИИ ИЛИ ПРОИЗВОДСТВА
Страна публикации Российская Федерация
105 ## - ПОЛЕ КОДИРОВАННЫХ ДАННЫХ: ТЕКСТОВЫЕ МАТЕРИАЛЫ, МОНОГРАФИЧЕСКИЕ
Кодированные данные о монографическом текстовом документе ac||j|||000zy
200 1# - ЗАГЛАВИЕ И СВЕДЕНИЯ ОБ ОТВЕТСТВЕННОСТИ
Основное заглавие Турбогенератор - это очень просто
Сведения, относящиеся к заглавию учебное пособие для студентов вуза, обучающихся понаправлениям подготовки 13.03.03 "Энергетическое машиностроение" и 13.03.02 "Электроэнергетика и электротехника"
Первые сведения об ответственности Ю.М. Бродов, И.Е. Родионов, М.А. Ниренштейн
Последующие сведения об ответственности под общей редакцией д-ра техн. наук, проф. Ю.М. Бродова
-- Министерство образования и науки Российской Федерации, Уральский федеральный университет имени первого Президента России Б.Н. Ельцина, [Урал. энергет. ин-т]
210 ## - ПУБЛИКАЦИЯ, РАСПРОСТРАНЕНИЕ И ДР.
Место издания, распространения и т.д. Екатеринбург
Имя издателя, распространителя и т. д. Изд-во Уральского университета
Дата издания, распространения и т.д. 2017
215 ## - ФИЗИЧЕСКАЯ ХАРАКТЕРИСТИКА
Специфическое обозначение материала и объем 91 с.
Другие сведения о физической характеристике ил., портр., цв. ил., портр.
Размеры 19
300 ## - ОБЩИЕ ПРИМЕЧАНИЯ
Текст примечания На 4-й с. обл. 1-й и 2-й авт.: Бродов Ю.М., д.т.н., проф., Родионов И.Е., к.т.н., доц.
313 ## - ПРИМЕЧАНИЯ, ОТНОСЯЩИЕСЯ К ТЕМАТИЧЕСКОМУ ДОСТУПУ
Текст примечания История развития и эволюция конструкций турбогенераторов от первых образцов до современных электрических машин
320 ## - ПРИМЕЧАНИЯ О НАЛИЧИИ В ДОКУМЕНТЕ БИБЛИОГРАФИИ / УКАЗАТЕЛЯ
Текст примечания Библиогр.: с. 89-90 (10 назв.)
606 ## - НАИМЕНОВАНИЕ ТЕМЫ КАК ПРЕДМЕТ
Наименование темы Энергетика -- Электроэнергетика. Электротехника -- Электрические машины -- Электрические машины переменного тока -- Синхронные машины -- Синхронные генераторы -- Турбогенераторы -- Учебник для высшей школы
Код системы rubbk
606 1# - НАИМЕНОВАНИЕ ТЕМЫ КАК ПРЕДМЕТ
Наименование темы Турбогенераторы
Формальный подзаголовок Учебные издания для высших учебных заведений
Тематический подзаголовок История создания
Системный номер авторитетной/нормативной записи 2328375
Идентификатор авторитетной/нормативной записи RU\NLR\AUTH\6601616885
686 ## - ИНДЕКСЫ ДРУГИХ КЛАССИФИКАЦИЙ
Индекс З261.621.2я73-1
Код системы
686 1# - ИНДЕКСЫ ДРУГИХ КЛАССИФИКАЦИЙ
Индекс З261.621.2г.я73-1
700 #1 - ИМЯ ЛИЦА - ПЕРВИЧНАЯ ОТВЕТСТВЕННОСТЬ
Материалы, к которым относится поле rus
Графика поля Кириллица
Начальный элемент ввода Бродов
Часть имени, кроме начального элемента ввода Ю. М.
Расширение инициалов личного имени Юрий Миронович
Идентификатор авторитетной/нормативной записи RU\NLR\AUTH\777885
Системный номер авторитетной/нормативной записи 117809
701 #1 - ИМЯ ЛИЦА - АЛЬТЕРНАТИВНАЯ ОТВЕТСТВЕННОСТЬ
Начальный элемент ввода Родионов
Часть имени, кроме начального элемента ввода И. Е.
Расширение инициалов личного имени Игорь Евгеньевич
701 #1 - ИМЯ ЛИЦА - АЛЬТЕРНАТИВНАЯ ОТВЕТСТВЕННОСТЬ
Начальный элемент ввода Ниренштейн
Часть имени, кроме начального элемента ввода М. А.
Расширение инициалов личного имени Марина Алексеевна
942 ## - ДОПОЛНИТЕЛЬНЫЕ ЭЛЕМЕНТЫ ЗАПИСИ (АБИС)
Тип экземпляра АБИС Книга
980 ## - КОЛЛЕКЦИЯ
Название коллекции НБР

Нет доступных экземпляров.